000 00401cam a2200169ua 4500
020 _c7.00
041 _amal
_h
082 _a894.812308
_bDEF/MO
100 _aDefoe, Daniel.
245 _aMoll flanders /
_cDaniel Defoe.
_hTextual Documents
260 _aPalakkad :
_bUdaya Publications ,
_c1962.
300 _a502 ; .
365 _a7.00
504 _a
942 _cBK
999 _c6078
_d6078